| 000 | 00967nam a2200253Ma 4500 | ||
|---|---|---|---|
| 005 | 20140721084338.0 | ||
| 008 | 140721s2002 mx ad fr 000 0 spa d | ||
| 020 | _a9706862005 | ||
| 020 | _a9789706862006 | ||
| 040 |
_aCO-BoUCM _bspa _cJose A. Gerena _dJose A. Gerena |
||
| 041 | 0 | _aspa | |
| 100 | 1 |
_aPerdomo Moreno, Abraham _963199 |
|
| 245 | 1 | 0 |
_aAdministración financiera de inventarios _btradicional y justo a tiempo _cAbrahám Perdomo Moreno |
| 260 |
_aMéxico D.F. (México) _bThomson Learning _c2002 |
||
| 300 |
_a318 páginas _bilustraciones, cuadros, gráficas |
||
| 490 | 1 | _aThomson económico administrativos | |
| 650 | 7 |
_aAdministración financiera _932732 |
|
| 650 | 7 |
_aAnálisis financiero _99000 |
|
| 650 | 7 |
_aInventarios _xAdministración _917941 |
|
| 650 | 7 |
_aControl de inventarios _911889 |
|
| 690 |
_942736 _aAdministración de empresas |
||
| 942 |
_2DEWEY _a16 _cLIBRORESER _e1 _h658.15 _mP433 |
||
| 999 |
_c273607 _d273607 |
||